000 01112cam a22002175a 4500
001 L150473
008 100719e2010 xxk 000 0 eng d
035 _a(Sirsi) u150473
041 0 _aeng
100 1 _aMcMeeken, Roxane
245 0 0 _aBuilding market report
_binfrastructure
260 _c2010
490 _aBuilding
_v275 (8637) 9 July 2010, 1-18(14)
505 _aOn the menu -- Saving grace -- His generation -- Wonderful waste -- Waiting for a train
520 _aBuilding market report on infrastructure includes an overview of spending on aviation, energy, rail and roads in the UK illustrating the annual change in output in real terms 2009 - 2014; a major energy company's proposal for a third-generation nuclear programme; predicted £2bn a year building boom in energy from waste (EfW) plants, funding, PFI, range of technologies to obtain energy from waste; uncertainties of high-speed rail network project, High Speed 2 (HS2) funding and interest groups.
700 1 _aJackson, Victoria
700 1 _aPuckett, Katie
700 1 _aSmith, Kristina
700 1 _aGupta, Manish
942 _n0
999 _c82518
_d82518